La Llibreria de la Diputació
Descripción Física:
1 llapis
Otros Autores:
Llibreria de la Diputació
MARC
| LEADER | 00000nrm a2200000 a 4500 | ||
|---|---|---|---|
| 001 | 24453 | ||
| 003 | Arxiu | ||
| 005 | 20260324180616.0 | ||
| 008 | 160829s9999 xx 000 0 cat d | ||
| 080 | |a NBM-11-2 | ||
| 245 | |a La Llibreria de la Diputació | ||
| 260 | |a [Barcelona] : |b [Diputació de Barcelona], [s.a.] | ||
| 300 | |a 1 llapis | ||
| 610 | 0 | |a Barcelona (Catalunya : Província). |b Llibreria |9 52413 | |
| 700 | |a Llibreria de la Diputació | ||
| 901 | |a Arxiu | ||
| 942 | |n 1 |2 udc | ||
| 952 | |0 0 |1 0 |4 0 |6 NBM112 |7 1 |9 55721 |a Arxiu |b Arxiu |d 2016-12-01 |l 0 |o NBM-11-2 |p 24453 |r 2016-12-01 00:00:00 |w 2016-12-01 |y ARXIU | ||
| 999 | |c 59594 |d 59594 | ||